000 00340nam a22001457a 4500
008 230124b ||||| |||| 00| 0 eng d
020 _a9781111581527
041 _aeng
080 _2TENTH EDITION
_a51
082 _a51SMI
100 _a23
101 _aMATE
245 _aMATHEMATICS ITS POWER AND LITILITY
_cSMITH J K
942 _2udc
_cBK
999 _c59275
_d59275